Cognitive engineering : (Record no. 178725)

000 -LEADER
fixed length control field 01655 a2200301 4500
003 - CONTROL NUMBER IDENTIFIER
control field Nust
005 - DATE AND TIME OF LATEST TRANSACTION
control field 20221006124843.0
010 ## - LIBRARY OF CONGRESS CONTROL NUMBER
LC control number 2005923524
020 ## - INTERNATIONAL STANDARD BOOK NUMBER
International Standard Book Number 1852339756 (hbk.)
020 ## - INTERNATIONAL STANDARD BOOK NUMBER
International Standard Book Number 9781852339753
035 ## - SYSTEM CONTROL NUMBER
System control number (OCoLC)ocm58455037
040 ## - CATALOGING SOURCE
Transcribing agency Nust
082 04 - DEWEY DECIMAL CLASSIFICATION NUMBER
Classification number 629.13,KON
100 1# - MAIN ENTRY--PERSONAL NAME
Personal name Konar, Amit.
9 (RLIN) 82062
245 10 - TITLE STATEMENT
Title Cognitive engineering :
Remainder of title a distributed approach to machine intelligence /
Statement of responsibility, etc. Amit Konar and Lakhmi Jain ; foreword by Witold Pedrycz.
260 ## - PUBLICATION, DISTRIBUTION, ETC.
Place of publication, distribution, etc. London :
Name of publisher, distributor, etc. Springer,
Date of publication, distribution, etc. c2005.
300 ## - PHYSICAL DESCRIPTION
Extent xviii, 353 p. :
Other physical details ill. ;
Dimensions 25 cm.
440 #0 - SERIES STATEMENT/ADDED ENTRY--TITLE
Title Advanced information and knowledge processing
9 (RLIN) 21651
505 ## - FORMATTED CONTENTS NOTE
Formatted contents note The Psychological Basics of Cognitive Modeling (Page-1), Parallel and Distributed Logic Programming (Page-39), Distributed Reasoning (Page-85), Belief Propagation and Belief Revision Models in Fuzzy (Page-123), Building Expert Systems Using Fuzzy Petri Nets (Page-153), Distributed Learning (Page-181), Unspervised Learning (Page-205), Supervised Learning (Page-233), Distributed Modeling of Abduction, Reciprocity (Page-257), Human Mood Detection and Control (Page-297), Distributed Planning and Multi-agent Coordination of Robots (Page-331).
650 #0 - SUBJECT ADDED ENTRY--TOPICAL TERM
Topical term or geographic name entry element Cognitive psychology.
650 #0 - SUBJECT ADDED ENTRY--TOPICAL TERM
Topical term or geographic name entry element Distributed artificial intelligence.
9 (RLIN) 82051
650 #0 - SUBJECT ADDED ENTRY--TOPICAL TERM
Topical term or geographic name entry element Fuzzy Petri nets.
9 (RLIN) 99284
650 #0 - SUBJECT ADDED ENTRY--TOPICAL TERM
Topical term or geographic name entry element Neural networks (Neurobiology)
General subdivision Mathematical models.
9 (RLIN) 99285
700 1# - ADDED ENTRY--PERSONAL NAME
Personal name Jain, L. C.
9 (RLIN) 82029
856 41 - ELECTRONIC LOCATION AND ACCESS
Materials specified Publisher description
Uniform Resource Identifier <a href="http://www.loc.gov/catdir/enhancements/fy0662/2005923524-d.html">http://www.loc.gov/catdir/enhancements/fy0662/2005923524-d.html</a>
856 41 - ELECTRONIC LOCATION AND ACCESS
Materials specified Table of contents only
Uniform Resource Identifier <a href="http://www.loc.gov/catdir/toc/fy0609/2005923524.html">http://www.loc.gov/catdir/toc/fy0609/2005923524.html</a>
942 ## - ADDED ENTRY ELEMENTS (KOHA)
Koha item type Reference
Source of classification or shelving scheme
Holdings
Withdrawn status Lost status Source of classification or shelving scheme Damaged status Not for loan Permanent Location Current Location Shelving location Date acquired Full call number Barcode Date last seen Price effective from Koha item type Public note
          Military College of Signals (MCS) Military College of Signals (MCS) Reference 12/12/2016 629.13,KON MCS32509 12/08/2016 12/12/2016 Reference Almirah No 24, Shelf No 1
© 2023 Central Library, National University of Sciences and Technology. All Rights Reserved.